000 01539nam a2200133Ia 4500
008 220620s9999||||xx |||||||||||||| ||und||
020 _a9783040000000
245 0 _aLow-Cost Sensors and Biological Signals
546 _aEnglish[eng]
650 _ainertial sensor||gait||validity||functional calibration||accuracy||wearable electronic devices||kinematics||head rotation||ecological research||gait analysis||characterization||smart insole||vertical ground reaction forces||force sensitive resistors||piezoelectric sensors||sensor calibration||heart rate||photoplethysmography||PPG||time-domain||wearable device||concurrent validity||outcome assessment||feasibility||rehabilitation||data fusion||MARG||IMU||eye tracker||self-contained||head motion measurement||motor variability||actigraphy||triaxial accelerometers||jumping||human-computer interaction||affective technologies||interaction design||biosensing||actuation||somaesthetics||design toolkits||serious videogames||motion capture||upper limbs||physical rehabilitation||telerehabilitation||inertial sensors||inertial measurement unit (IMU)||state of the art||inertial sensor measurement systems||motion accuracy||Baduanjin||physical education||physiotherapy||e-health||motion sensing||wireless charging||wireless connectivity||low power||trunk||upper extremity||compensation||reaching||Kinect||video motion capture||reliability||n/a
700 _aDierick, Frédéric||Buisseret, Fabien||Eggermont, Stéphanie
856 _uhttps://mdpi.com/books/pdfview/book/3776
942 _cEB
999 _c22042
_d22042